Základné princípy diagnostiky vybraných endokrinologických ochorení

Bibliographic Details
Main Author: Ságová, Ivana, 1984- (Author)
Format: Book
Language:Slovak
PhysicalDescription:139 strán schémy, tabuľky 24 cm
Published: Martin P+M 2024
ISBN:9788089410835
Edition:Prvé vydanie
Subjects:

MARC

LEADER 00000cam a2200000 4500
001 vtls012256602
003 SK-MaSNL
005 20260302063016.0
008 240522s2024 xo l frnp 000 0 slo
015 |a SNBA2024/09 
020 |a 9788089410835  |q (brožované) 
040 |a SNK  |b slo  |c SNK  |e rda 
041 0 |a slo 
044 |a xo  |c SK 
072 7 |a 616  |x Patológia. Klinická medicína  |2 konspekt 
072 7 |a 37.016  |x Učebné osnovy. Vyučovacie predmety. Učebnice  |2 konspekt 
080 |a 616.43/.47  |2 2011 
080 |a 616.432  |2 2011 
080 |a 616.441  |2 2011 
080 |a 616.447  |2 2011 
080 |a (075.8)  |2 2011 
080 |a 616-07  |2 2011 
080 |a 616-08  |2 2011 
100 1 |a Ságová, Ivana,  |d 1984-  |4 aut  |9 200574 
245 1 0 |a Základné princípy diagnostiky vybraných endokrinologických ochorení  |c Ivana Ságová 
246 1 |i Obálkový podnázov:  |a Vysokoškolské skriptá 
250 |a Prvé vydanie 
264 1 |a Martin  |b P+M  |c 2024 
300 |a 139 strán  |b schémy, tabuľky  |c 24 cm 
336 |a text  |b txt  |2 rdacontent 
337 |a bez média  |b n  |2 rdamedia 
338 |a zväzok  |b nc  |2 rdacarrier 
500 |a Obsahuje poznámky pod čiarou 
500 |a Obsahuje zoznam použitých skratiek 
504 |a Obsahuje bibliografiu na strane 135-139 
650 0 7 |a endokrinológia  |2 SNKPH  |9 2460 
650 0 7 |a hypofýza  |2 SNKPH  |9 18319 
650 0 7 |a štítna žľaza  |2 SNKPH  |9 116927 
650 0 7 |a prištítne telieska  |2 SNKPH  |9 88495 
650 0 7 |a Endocrinology  |2 SNKPHeng  |9 266810 
650 0 7 |a Pituitary gland  |2 SNKPHeng  |9 618099 
650 0 7 |a Thyroid gland  |2 SNKPHeng  |9 358437 
650 0 7 |a Parathyroid glands  |2 SNKPHeng  |9 723681 
650 0 7 |a diagnostika (medicína)  |2 SNKPH  |9 28740 
650 0 7 |a terapia  |2 SNKPH  |9 781 
650 0 7 |a Medical diagnostics  |2 SNKPHeng  |9 268685 
650 0 7 |a Therapy  |2 SNKPHeng  |9 267006 
655 7 |a učebnice vysokých škôl  |2 SNKPH  |9 70191 
655 7 |a Textbooks (higher)  |2 SNKPHeng  |9 276436 
710 2 |a Univerzita Komenského v Bratislave.  |b Jesseniova lekárska fakulta v Martine  |4 pbl  |9 122679 
852 |a Slovenská národná knižnica 
919 |a 978-80-89410-83-5 
954 |a odborná, vedecká literatúra pôvodná (slovenská)  |2 lita 
958 |a NB 
958 |a MI 
999 |c 1131221  |d 1133151 
952 |a SNK  |b SNK  |y PREZ  |7 0  |p 17A1548606  |o snkSC 207202  |i snk2024/10783  |8 0  |0 0  |1 0  |4 0  |d 2024-07-10  |f 1  |l 0  |r 2025-10-30 00:00:00  |w 2026-02-24